Money, Information and Uncetainty / Second Edition (Record no. 5272)
[ view plain ]
| 000 -LEADER | |
|---|---|
| fixed length control field | 01410cam a22002174a 4500 |
| 005 - ΗΜΕΡΟΜΗΝΙΑ ΚΑΙ ΩΡΑ ΤΕΛΕΥΤΑΙΑΣ ΕΝΗΜΕΡΩΣΗΣ | |
| Πεδίο ελέγχου | 20250605164208.0 |
| 008 - FIXED-LENGTH DATA ELEMENTS--GENERAL INFORMATION | |
| Πεδίο ελέγχου σταθερού μήκους | 250528s ||||||||||||||||||||||||d |
| 035 ## - SYSTEM CONTROL NUMBER | |
| System control number | 20133 |
| 020 ## - ISBN | |
| ISBN | 333474023 |
| 040 ## - ΠΗΓΗ ΚΑΤΑΛΟΓΟΓΡΑΦΗΣΗΣ | |
| Φορέας πρωτότυπης καταλογογράφησης | MC Athens Campus Library |
| Γλώσσα καταλογογράφησης | Ελληνικά, Μοντέρνα (1453-) |
| Modifying agency | MC Athens Campus Library |
| Κανόνες περιγραφικής καταλογογράφησης | AACR2 |
| 245 1# - ΤΙΤΛΟΣ ΚΑΙ ΔΗΛΩΣΗ ΥΠΕΥΘΥΝΟΤΗΤΑΣ | |
| Τίτλος | Money, Information and Uncetainty / Second Edition |
| 250 ## - EDITION STATEMENT | |
| Edition statement | 2nd |
| 260 ## - PUBLICATION, DISTRIBUTION, ETC. | |
| Date of publication, distribution, etc. | 1989 |
| 300 ## - PHYSICAL DESCRIPTION | |
| Extent | 496 |
| 520 ## - SUMMARY, ETC. | |
| Summary, etc. | This book discusses the latest analytical developments in monetary economic theory. The Nature of Markets, The Role of Money, Micro-Economic Foundations of the Demand for Money, Macro-Economic Analysis of the Demand for Money, The Principles of Intermediation, Controlling the Supply of Money: A Problem for the Authorities?, Credit Rationing, Why Do Banks Need a Central Bank?, Financial Regulation, The Determination of Interest Rates, The Term Structure of Interest Rates, The Transmission Mechanism of Monetary Policy, The Effects of Nominal Monetary Changes on Output and Employment and Inflation, Monetary Policy 1: The Use of Policy Instruments in an Uncertain World, Monetary Policy 2: Rules Versus Discretion, The Regional Adjustment Process, International Monetary Relations 1: Exchange Rate Regimes, International Monetary Relations 2: The Turbulent Float, Bibliography, Index. |
| 700 1# - ΠΡΟΣΘΕΤΗ ΑΝΑΓΡΑΦΗ--ΦΥΣΙΚΟ ΠΡΟΣΩΠΟ | |
| Personal name | Goodhart C. A. E |
| 9 (RLIN) | 6185 |
| 710 2# - ΠΡΟΣΘΕΤΗ ΑΝΑΓΡΑΦΗ--ΣΥΛΛΟΓΙΚΟ ΟΡΓΑΝΟ | |
| Corporate name or jurisdiction name as entry element | Macmillan Business |
| 9 (RLIN) | 9714 |
| 942 ## - ADDED ENTRY ELEMENTS (KOHA) | |
| Koha item type | Books |
| Τύπος τεκμηρίου | Βιβλιοθήκη | Τρέχουσα τοποθεσία | Barcode | Αριθμός εισαγωγής | Ημερομηνία απόκτησης | Ταξιθετικό σύμβολο | Αριθμός αντιτύπου | Κατάσταση απόσυρσης | Κατάσταση χαμένου | Κατάσταση κατεστραμμένου | Μη δανεισμός | Σύνολο δανεισμών | Ημερομηνία τελευταίας εμφάνισης | Η τιμή ισχύει από |
|---|---|---|---|---|---|---|---|---|---|---|---|---|---|---|
| Books | MC Athens Campus Library | MC Athens Campus Library | 9780000052711 | 6365 | 05/06/2025 | 332.4 GOO | 1 | 05/06/2025 | 05/06/2025 |